Góry Azji - Statystyki

Ogólne statystyki
  • Ten quiz został rozwiązany 370 razy
  • Średni wynik to 4 z 9
Statystyki odpowiedzi
Kraje-Najwyższy szczyt Góry % Poprawnych
Pakistan/Indie/Nepal/Bhutan/Chiny/Mjanma-Mount Everest 8848 m.n.p.m Himalaje
100%
Armenia/Gruzja/Azerbejdżan/Rosja-Elbrus 5642 m.n.p.m. Kaukaz
58%
Chiny/Indie/Pakistan-K2 8611 m.n.p.m. Karakorum
49%
Rosja/Kazachstan/Mongolia/Chiny-Biełucha 4506 m.n.p.m Ałtaj
31%
Pakistan/Afganistan-Tiricz Mir 7706 m.n.p.m. Hindukusz
29%
Kazachstan/Uzbekistan/Kirgistan/Chiny-Szczyt Zwycięstwa 7439 m.n.p.m. Tien-szan / Tienszan
29%
Afganistan/Chiny/Kirgistan/Tadżykistan-Kongur Shan 7719 m.n.p.m. Pamir
28%
Chiny-Liushi Shan 7167 m.n.p.m. Kunlun
21%
Rosja/Mongolia-Munku-Sardyk 3492 m.n.p.m. Sajany
14%
Nie znaleziono quizów pasujących do podanych kryteriów
Rozkład punktacji
Procent ludzi z każdym wynikiem
Percentyl według liczby udzielonych odpowiedzi
Twoja historia wyników
Nie rozwiązałeś tego quizu